000 00390nam a22001337a 4500
082 _a025.009 54 KAW
100 _aKawatra, P,S
245 _aFundamentals of Documentation
260 _aSterling Publishers Private Limited
_bSterling Publishers Private Limited
_c1989
300 _avii.;250p
_bill,22CM
500 _aIncludes Index
650 _aWith special Reference to India
942 _cBK
999 _c19077
_d19077